A rainha das aves (Registo nº 2145)

Detalhes MARC
000 -Etiqueta do registo
Cabeçalho 00796nam a22002771 4500
005 - Identificador da versão
Campo de controlo 20240813121926.0
010 ## - Número internacional normalizado dos livros (ISBN)
Número (ISBN) 972211526X
021 ## - Número do Depósito Legal
Código do país PT
Número 190280/03
100 ## - Dados gerais de processamento
Dados gerais de processamento 20050907d2003 d y0pory5003 ba
102 ## - Pais de publicação ou produção
País de publicação Portugal
101 1# - Língua de publicação
Língua do texto, banda sonora, etc. Português
Língua do documento no original Inglês
106 ## - Campo de dados codificados: material textual
Dados codificados do material textual r
105 ## - Campo de dados codificados: livros
Dados codificados dos livros a z 000fy
215 ## - Descrição física 
Indicação específica da natureza do documento e extensão da espécie [37] p.
Outras indicações físicas il.
Dimensões 25 cm
200 1# - Titulo e menção de responsabilidade
Título próprio A rainha das aves
Primeira menção de responsabilidade escrito e il. por Helen Ward
Outras menções de responsabilidade trad. António Pescada
210 ## - Publicação, Distribuição, etc. 
Lugar da edição, distribuição, etc. Lisboa
Nome do editor, distribuidor, etc. Caminho
Data da publicação, distribuição, etc. D.L. 2003
304 ## - Notas relativas a título e menção de responsabilidade 
Texto da nota Tít. orig.: The king of the birds
606 ## - Nome comum usado como assunto
Número de registo de entrada de autoridade 0000001
Palavra de ordem Literatura estrangeira infantil
Subdivisão de assunto Conto
675 ## - Classificação Decimal Universal (CDU)
Notação 82-34
Edição
Língua da edição por
702 #1 - Nome de autor-pessoa física (responsabilidade secundária)
Número de registo de entrada de autoridade 0000924
Palavra de ordem Pescada
Outra parte do nome não tomada para palavra de ordem António
Datas 1938-
Código de função Tradutor
700 #1 - Nome de autor-pessoa física (responsabilidade principal)
Número de registo de entrada de autoridade 0000923
Palavra de ordem Ward
Outra parte do nome não tomada para palavra de ordem Helen
942 ## - Elementos de entrada adicionados (Koha)
Tipo de item no Koha Livro
Exemplares
Situação do levantamento Origin of item (home branch) (coded) Biblioteca de empréstimo Código de barras Cota Circulation type (not for loan) Tipo de documento Nota do exemplar Damaged status
  Biblioteca Escolar da Coca Maravilhas Biblioteca Escolar da Coca Maravilhas BECM7078/05 8EST WAR   Livro Sem mensagem